[Event "IRI-ch"]
[Site "Mashhad"]
[Date "2003.09.29"]
[Round "8"]
[White "Mooses, Gegham"]
[Black "Mahmoud, Pe"]
[Result "1/2-1/2"]
[WhiteElo "2207"]
[BlackElo "2297"]
[PlyCount "47"]
[EventDate "2003.09.24"]
[EventType "swiss"]
[EventRounds "11"]
[EventCountry "IRI"]
[SourceTitle "CBM 096 Extra"]
[Source "ChessBase"]
[SourceDate "2003.10.22"]
[SourceVersion "2"]
[SourceVersionDate "2003.10.20"]
[SourceQuality "1"]

1. e4 e6 2. d3 d5 3. Nd2 Nf6 4. Ngf3 Be7 5. g3 b6 6. Bg2 dxe4 7. dxe4 Bb7 8. e5 Ne4 9. 0-0 Nxd2 10. Bxd2 Nd7 11. Re1 c5 12. c4 Qc7 13. Qc2 0-0-0 14. Bg5 Bxg5 15. Nxg5 Bxg2 16. Kxg2 Nxe5 17. Rxe5 Qxe5 18. Nxf7 Qf5 19. Qxf5 exf5 20. Nxh8 Rxh8 21. Re1 Kd7 22. Re5 g6 23. Kf3 Kd6 24. Rd5+ 1/2-1/2

[Event "Goodricke op 07th"]
[Site "Kolkata"]
[Date "1996.??.??"]
[Round "8"]
[White "Saravanan, Venkat"]
[Black "Mahmoud, Pe"]
[Result "1-0"]
[WhiteElo "2375"]
[BlackElo "2220"]
[PlyCount "97"]
[EventDate "1996.02.??"]
[EventType "swiss"]
[EventRounds "11"]
[EventCountry "IND"]
[SourceTitle "CBM 050 Extra"]
[Source "ChessBase"]
[SourceDate "1996.03.01"]
[SourceVersion "1"]
[SourceVersionDate "1996.03.01"]
[SourceQuality "1"]

1. e4 e5 2. Nf3 Nc6 3. Nc3 Nf6 4. Bb5 Bb4 5. 0-0 0-0 6. d3 d6 7. Bg5 Bxc3 8. bxc3 Bd7 9. Rb1 a6 10. Ba4 b5 11. Bb3 h6 12. Bh4 g5 13. Nxg5 hxg5 14. Bxg5 Qe7 15. Qf3 Kg7 16. Qg3 Rg8 17. f4 Nh5 18. Bf6+ Kh6 19. Qxg8 Rxg8 20. Bxe7 Nxf4 21. Rxf4 exf4 22. Bh4 Bh3 23. g3 Ne5 24. Kf2 c5 25. Bd5 Ng4+ 26. Kf3 Ne5+ 27. Kxf4 Be6 28. Bxe6 fxe6 29. Ke3 Rf8 30. Ke2 Ng4 31. Rf1 Rxf1 32. Kxf1 Nxh2+ 33. Ke2 c4 34. Ke3 Ng4+ 35. Kf4 Ne5 36. d4 Nf7 37. d5 exd5 38. exd5 Kg6 39. Be7 Ne5 40. Bxd6 Nd7 41. Ke4 Kf7 42. Kd4 Kf6 43. Bc7 Kf5 44. Bf4 Kf6 45. g4 Kf7 46. g5 Kg6 47. Ke4 a5 48. a3 Kf7 49. Kf5 1-0